Daňové priznanie a príjem zo zahraničia

Daňové priznanie fyzických osôb za rok 1998, ktorí majú príjmy zo zahraničia. Uvedenie príkladov, ktoré ilustrujú situácie, keď daňovníci mali okrem príjmov zo zdrojov na území SR aj príjmy zo zdrojov v zahraničí. Výpočet základu dane. Výpočet dane. Vzory vyplnenia tlačiva daňového priznania.

Salvato in:
Dettagli Bibliografici
Autore principale: Piršelová, Dagmar
Natura: Capitolo di libro
Lingua:slovacco
Soggetti:
Tags: Aggiungi Tag
Nessun Tag, puoi essere il primo ad aggiungerne!!

MARC

LEADER 00000naa a2200000 4500
001 r034256
005 20230912113122.3
041 0 |a slo 
044 |a SK 
245 1 0 |a Daňové priznanie a príjem zo zahraničia  |c Dagmar Piršelová 
520 |a Daňové priznanie fyzických osôb za rok 1998, ktorí majú príjmy zo zahraničia. Uvedenie príkladov, ktoré ilustrujú situácie, keď daňovníci mali okrem príjmov zo zdrojov na území SR aj príjmy zo zdrojov v zahraničí. Výpočet základu dane. Výpočet dane. Vzory vyplnenia tlačiva daňového priznania. 
610 2 0 |a priznania daňové 
610 2 0 |a osoby fyzické 
610 2 0 |a príjmy 
610 2 0 |a práca v zahraničí 
610 2 0 |a rezidenti 
610 2 0 |a daňovníci 
610 2 0 |a povinnosť daňová 
610 2 0 |a 1998 
100 1 |a Piršelová, Dagmar